00603nam a2200205Ia 4500003000900000008004100009040001300050040001300063041000800076100002000084245002100104250001300125260001500138260000900153300000800162490000600170942000700176999001700183952019700200IT-RoPAU120407s9999 xx 000 0 und d aIT-RoPAU cIT-RoPAU aita aPrimo Mazzolari aStorie d’oggi. aVicenza  aLa Locusta c1977 c cm v1 cBK c17495d17495 00102ddc406922_20000000000000071aPAULUSbPAULUSd2012-04-11l0o922.2r2012-04-11 00:00:00w2012-04-11yBKzInserito da: Jole In data: 12 settembre 2011 fondo: Via A.Severo 56 Progr:33998